Kvantifikace konstrukčních parametrů systému aerostatického uloýení přesných vřeten obráběcích strojů. /

Salvato in:
Dettagli Bibliografici
Autore principale: Tomášek, Václav (Autore)
Natura: Manoscritto Libro
Pubblicazione: Bratislava : SVŠT v Bratislave SjF, 1976
Tags: Aggiungi Tag
Nessun Tag, puoi essere il primo ad aggiungerne!!

MARC

LEADER 00000ntm a22000003a 4500
001 stu47607
005 20150617225712.1
008 ------s1976----cs----------------------d
040 |a STU  |b slo 
041 0
044 |a cs 
080 |a 621.9-229.331  |7 stu_us_auth*stu1426 
100 1 |a Tomášek, Václav  |4 aut 
245 1 |a Kvantifikace konstrukčních parametrů systému aerostatického uloýení přesných vřeten obráběcích strojů. /  |c [aut.] Tomášek,Václav 
260 |a Bratislava :  |b SVŠT v Bratislave SjF,  |c 1976 
300 |a 174 s 
996 |b J56644  |c J*56644/DIZ.  |l JJSK  |s A  |a 24  |w stu47607_0001